000 00718nam a22002297a 4500
005 20170905100502.0
008 170905b xxu||||| |||| 00| 0 eng d
010 _aB-328497
020 _a9788129113634
_c375.00
035 _aB-328497
037 _bUBH
082 _a330
100 _aby Ram Charan
245 _aLeading in the era of economic uncertainty /
_cby Ram Charan
300 _a192p.
_c23cm(pbk)
600 _aAdvani, L. K.,
_d1927-
610 _aBharatiya Janata Party
_vBiography.
650 _aPoliticians
_zIndia
_vBiography.
651 _aIndia
_xPolitics and government
_y1947-
942 _2ddc
_cEN
_h330
_mRAM
999 _c144026
_d144026